Bamse hahmot - Statistics

Yleistilastot
  • Tätä visaa on pelattu 12 kertaa
  • Keskiarvotulos 6 / 29
Vastaustilastot
Kuvavisa Vastaus % Oikein
Kilpinen
100%
Minihyppy
40%
Pomppi
40%
Kissa Jansson
30%
Kroisosmyyrä
30%
Nalle
30%
Nalle-Maija
30%
Amanda
20%
Billy boy
20%
Julle
20%
Kotihiiri
20%
Leena
20%
Lennu
20%
Lurppa
20%
Nina
20%
Olli
20%
Pampula
20%
Susi
20%
Teddy
20%
Augusta Beata
10%
Busifer
10%
Kasimir
10%
Keppo
10%
Mikki
10%
Piikkipehko
10%
Pörrö
10%
Repa
10%
Surre
10%
Vikki
10%
Ehtoja vastaavia visoja ei löytynyt
Tulosjakauma
Jokaisen tuloksen saaneiden osuus
Persentiili vastausten määrän mukaan
Tuloshistoriasi
Et ole pelannut tätä visaa